01169nam a22002777a 45000010005000000030006000050050017000110080041000280200018000690400029000870500016001160820011001321000020001432450070001632500056002332600033002893000060003225050008003825200353003905210029007435210020007726500025007926500021008176500021008387000032008599097FISKH20251119162227.0251119b cb ||||| |||| 00| 0 eng d a9781472331724 aFISKHbengcFISKHdFISKH aPZ7.H36 M56 a823.92 aHammond, Sarah aMine ! / cWritten by Sarah Hammond : Illustrated by Laura Hughes aThis edition published by Paragon Books Ltd in 2013 aBath :bParragon , c2013 .  a24 unnumbered pages : bcolor illustrations ;c25 cm .  aJ  aToday, Kitty is a waitress. There is tea for Teddy in the tall cup, cakes for Pansy on the pink plate, cookies for Bingo in the brown bowl Kitty likes things just so in her diner. But then Leah arrives and everything goes wrong - suddenly there's music and a cookie-balancing contest! ""This diner is MINE!"" Kitty says. But was it more fun before?8 a480 bLexile estimate 8 aJ bRaz-Plus  aFriendship vFiction aMannersvFiction aSharingvFiction aHughes, LauraeIllustrator